000 00729nam a2200289Ia 4500
005 20260324113957.0
008 008 260324s9999 xx 000 0 eng d
020 _a9781003213666
037 _aEBOOK
040 _aCRL
040 _beng
040 _cCRL
041 _2eng
041 _aeng
084 _qCRL
100 _aMatthew W. Sherwood; Julia Pollard
_91148929
245 0 _aResponsible Investing
245 3 _bAn Introduction to Environmental, Social, and Governance Investments
260 _bTaylor and Francis
260 _c2023
365 _a
365 _b220
856 _uhttp://www.taylorfrancis.com/books/9781003213666
942 _cEBOOK
999 _c1738869
_d1738869